LIBRARY ONLINE CATALOGUE

The Oxford book of health foods / (Record no. 14986)

MARC details
000 -LEADER
fixed length control field 00627cam a22002172 4500
001 - CONTROL NUMBER
control field 0000005310
005 - DATE AND TIME OF LATEST TRANSACTION
control field 20151217161135.0
008 - FIXED-LENGTH DATA ELEMENTS--GENERAL INFORMATION
fixed length control field 070611s xx 000 0 eng d
020 ## - INTERNATIONAL STANDARD BOOK NUMBER
International Standard Book Number 0198504594 :
Terms of availability KES 2,999
040 ## - CATALOGING SOURCE
Original cataloging agency KABU
Transcribing agency KABU
050 #0 - LIBRARY OF CONGRESS CALL NUMBER
Classification number TX369
Item number .V38
100 1# - MAIN ENTRY--PERSONAL NAME
Personal name Vaughan, J. G.
-- 0000156529
245 14 - TITLE STATEMENT
Title The Oxford book of health foods /
Statement of responsibility, etc. J. G. Vaughan and P. A. Judd.
260 ## - PUBLICATION, DISTRIBUTION, ETC. (IMPRINT)
Place of publication, distribution, etc. Oxford :
Name of publisher, distributor, etc. OUP,
Date of publication, distribution, etc. 2003.
300 ## - PHYSICAL DESCRIPTION
Extent 188 p.
650 #0 - SUBJECT ADDED ENTRY--TOPICAL TERM
Topical term or geographic name as entry element Natural foods.
-- 0000156530
700 1# - ADDED ENTRY--PERSONAL NAME
Personal name Judd, P. A.
-- 0000156531
908 ## - PUT COMMAND PARAMETER (RLIN)
Put command parameter 070611
950 ## - LOCAL HOLDINGS (RLIN)
-- 1
Holdings
Withdrawn status Lost status Source of classification or shelving scheme Not for loan Home library Current library Date acquired Total Checkouts Full call number Barcode Date last seen Price effective from Koha item type
    Library of Congress Classification Not For Loan Kabarak, Main Campus Kabarak, Main Campus 17/12/2015   TX369 .V38 010017 17/12/2015 17/12/2015 Reference